000 01183nam a2200361 i 4500
001 192965
003 SpMaBN
005 20250815050810.0
007 ta
008 230713s1981 sp 001 spa
016 7 _abimoBNE19921531943
_zIBH8405814985
_2SpMaBN
017 _aM 23680-1981
_bOficina Depósito Legal Madrid
020 _a843230414X
035 _a(OCoLC)434388063
035 _abimo0000233839
040 _aIBH
_bspa
_cSpMaBN
_erdc
_dES-MaACL
080 _a1"19"(091)
245 0 3 _aLa filosofía en el siglo XX /
_cbajo la dirección de Yvon Belaval ; [traducción, Catalina Gallego]
250 _a1a ed.
260 _aMadrid :
_bSiglo XXI de España,
_c1981.
300 _a440 p. ;
_c18 cm
336 _2rdacontent
_aTexto
337 _2rdamedia
_asin mediación
338 _2rdacarrier
_avolumen
490 1 _aHistoria de la filosofía siglo XXI ;
_v10
504 _aBibliografía
650 4 _aFilosofía-
_yS.XX
_2embne
_912826
830 0 _aHistoria de la filosofía (Siglo XXI)
_v10
_9233698
942 _n0
_cMONOGRAFIA
999 _c192965
_d192965